<?xml version="1.0" encoding="UTF-8"?>
<record
    xmlns:xsi="http://www.w3.org/2001/XMLSchema-instance"
    xsi:schemaLocation="http://www.loc.gov/MARC21/slim http://www.loc.gov/standards/marcxml/schema/MARC21slim.xsd"
    xmlns="http://www.loc.gov/MARC21/slim">

  <leader>01591nam a22002777a 4500</leader>
  <controlfield tag="005">20250719122624.0</controlfield>
  <controlfield tag="008">211108b           ||||| |||| 00| 0 eng d</controlfield>
  <datafield tag="020" ind1=" " ind2=" ">
    <subfield code="a">9788121904711</subfield>
  </datafield>
  <datafield tag="040" ind1=" " ind2=" ">
    <subfield code="c">aloy</subfield>
  </datafield>
  <datafield tag="041" ind1=" " ind2=" ">
    <subfield code="a">eng</subfield>
  </datafield>
  <datafield tag="082" ind1=" " ind2=" ">
    <subfield code="2">23</subfield>
    <subfield code="a">515.3</subfield>
    <subfield code="b">SHAD</subfield>
  </datafield>
  <datafield tag="100" ind1=" " ind2=" ">
    <subfield code="a">Shanti Narayan</subfield>
    <subfield code="9">219464</subfield>
  </datafield>
  <datafield tag="245" ind1=" " ind2=" ">
    <subfield code="a">Differential Calculus</subfield>
  </datafield>
  <datafield tag="250" ind1=" " ind2=" ">
    <subfield code="a">15</subfield>
  </datafield>
  <datafield tag="260" ind1=" " ind2=" ">
    <subfield code="a">New Delhi</subfield>
    <subfield code="b">S.Chand &amp; Co. Ltd.</subfield>
    <subfield code="c">2022</subfield>
  </datafield>
  <datafield tag="300" ind1=" " ind2=" ">
    <subfield code="a">xi,572p.</subfield>
    <subfield code="b">PB</subfield>
    <subfield code="c">23x17 cm.</subfield>
  </datafield>
  <datafield tag="365" ind1=" " ind2=" ">
    <subfield code="2">General</subfield>
    <subfield code="a">3245</subfield>
    <subfield code="b">&#x20B9;399.20</subfield>
    <subfield code="c">&#x20B9;</subfield>
    <subfield code="d">&#x20B9;499.00</subfield>
    <subfield code="e">20%</subfield>
    <subfield code="f">03-11-2021</subfield>
  </datafield>
  <datafield tag="520" ind1=" " ind2=" ">
    <subfield code="a">&#x2022; For B.A. &amp; B.Sc. Classes as per UGC Model Syllabus.
&#x2022; This book is meant for students preparing for the B.A. and B.Sc. examinations of our universities . Some topics of the Honours standard have also been included. They are given in the form of appendices to the relevant chapters.
&#x2022; The various principles and methods have been profusely illustrated by means of a large no. of solved examples.</subfield>
  </datafield>
  <datafield tag="521" ind1=" " ind2=" ">
    <subfield code="a">Table of Content
Introduction |Functions And Graphs-Elementary Functions |Continuity And Limit |Differentiation |Successive Differentiation |Expansion Of Functions |Tangents And Normals |Mean Value Teorems |Maxima And Minima |Indeterminate Forms |Partial Differentiation |Jacobians |Concavity And Points Of Inflexion |Curvature And Evolutes |Asymptotes |Singular Points |Curve Tracing |Envelopes |Change Of Independent Variables</subfield>
  </datafield>
  <datafield tag="650" ind1=" " ind2=" ">
    <subfield code="a">Real Numbers</subfield>
    <subfield code="9">172020</subfield>
  </datafield>
  <datafield tag="650" ind1=" " ind2=" ">
    <subfield code="a">Functions and Graphs</subfield>
    <subfield code="9">172021</subfield>
  </datafield>
  <datafield tag="650" ind1=" " ind2=" ">
    <subfield code="a">Continuity and Limit</subfield>
    <subfield code="9">172022</subfield>
  </datafield>
  <datafield tag="650" ind1=" " ind2=" ">
    <subfield code="a">Asymptotes</subfield>
    <subfield code="9">172023</subfield>
  </datafield>
  <datafield tag="700" ind1=" " ind2=" ">
    <subfield code="a">Mittal, P K</subfield>
    <subfield code="9">9958</subfield>
  </datafield>
  <datafield tag="942" ind1=" " ind2=" ">
    <subfield code="2">ddc</subfield>
    <subfield code="c">BK</subfield>
  </datafield>
  <datafield tag="999" ind1=" " ind2=" ">
    <subfield code="c">220444</subfield>
    <subfield code="d">220444</subfield>
  </datafield>
  <datafield tag="952" ind1=" " ind2=" ">
    <subfield code="0">0</subfield>
    <subfield code="1">0</subfield>
    <subfield code="2">ddc</subfield>
    <subfield code="4">0</subfield>
    <subfield code="7">0</subfield>
    <subfield code="8">MAT</subfield>
    <subfield code="a">AL</subfield>
    <subfield code="b">AL</subfield>
    <subfield code="d">2021-11-08</subfield>
    <subfield code="e">Biblios Book Point</subfield>
    <subfield code="g">399.20</subfield>
    <subfield code="l">11</subfield>
    <subfield code="m">1</subfield>
    <subfield code="o">515.3 SHAD</subfield>
    <subfield code="p">075079</subfield>
    <subfield code="r">2024-10-19 00:00:00</subfield>
    <subfield code="s">2024-10-04</subfield>
    <subfield code="v">499.00</subfield>
    <subfield code="w">2021-11-08</subfield>
    <subfield code="y">BK</subfield>
  </datafield>
  <datafield tag="952" ind1=" " ind2=" ">
    <subfield code="0">0</subfield>
    <subfield code="1">0</subfield>
    <subfield code="2">ddc</subfield>
    <subfield code="4">0</subfield>
    <subfield code="7">0</subfield>
    <subfield code="8">MAT</subfield>
    <subfield code="a">AL</subfield>
    <subfield code="b">AL</subfield>
    <subfield code="d">2021-11-08</subfield>
    <subfield code="e">Biblios Book Point</subfield>
    <subfield code="g">399.20</subfield>
    <subfield code="l">8</subfield>
    <subfield code="o">515.3 SHAD</subfield>
    <subfield code="p">075080</subfield>
    <subfield code="r">2026-01-21 13:19:25</subfield>
    <subfield code="s">2026-01-10</subfield>
    <subfield code="v">499.00</subfield>
    <subfield code="w">2021-11-08</subfield>
    <subfield code="y">BK</subfield>
  </datafield>
  <datafield tag="952" ind1=" " ind2=" ">
    <subfield code="0">0</subfield>
    <subfield code="1">0</subfield>
    <subfield code="2">ddc</subfield>
    <subfield code="4">0</subfield>
    <subfield code="7">0</subfield>
    <subfield code="8">MAT</subfield>
    <subfield code="a">AL</subfield>
    <subfield code="b">AL</subfield>
    <subfield code="d">2024-05-14</subfield>
    <subfield code="e">Biblios Book Point Surathkal Mangalore 575014</subfield>
    <subfield code="g">500.00</subfield>
    <subfield code="l">2</subfield>
    <subfield code="o">515.3 SHAD</subfield>
    <subfield code="p">077178</subfield>
    <subfield code="r">2025-03-14 00:00:00</subfield>
    <subfield code="s">2025-03-04</subfield>
    <subfield code="v">625.00</subfield>
    <subfield code="w">2024-07-01</subfield>
    <subfield code="y">BK</subfield>
  </datafield>
  <datafield tag="952" ind1=" " ind2=" ">
    <subfield code="0">0</subfield>
    <subfield code="1">0</subfield>
    <subfield code="2">ddc</subfield>
    <subfield code="4">0</subfield>
    <subfield code="7">0</subfield>
    <subfield code="8">MAT</subfield>
    <subfield code="a">AL</subfield>
    <subfield code="b">AL</subfield>
    <subfield code="d">2024-05-14</subfield>
    <subfield code="e">Biblios Book Point Surathkal Mangalore 575014</subfield>
    <subfield code="g">500.00</subfield>
    <subfield code="l">2</subfield>
    <subfield code="o">515.3 SHAD</subfield>
    <subfield code="p">077179</subfield>
    <subfield code="r">2025-04-01 07:22:15</subfield>
    <subfield code="s">2025-01-30</subfield>
    <subfield code="v">625.00</subfield>
    <subfield code="w">2024-07-01</subfield>
    <subfield code="y">BK</subfield>
  </datafield>
</record>
